Prison Break Quotes - Statistics

General Stats
  • This quiz has been taken 1,080 times
  • The average score is 4 of 9
Answer Stats
Quotes Missing Word(s) % Correct
"Just have a little _____"- Michael Scofield/Lincoln Burrows Faith
92%
"It's a pathway to ___"- Haywire Hell
83%
"What's so funny?"- Gretchen Morgan "You. Thinking you can outsmart my ___"- LJ Burrows Uncle
74%
"Welcome to prisneyland, ____"- Fernando Sucre Fish
68%
“I’m not a jealous woman. But I’m a____one. And for some reason, when I’m around you, I’m not ____"- Sara Tancredi Careful
33%
"I've known you my entire life, you don't have a ____bone in your body. And I know you didn't need the money"- Veronica Donovan Violent
29%
"Gotta probem with that? Feel free to drop it into my____ __" -Brad Bellick Suggestion box
24%
"Wow, look at that___that just appeared above your head!"- Alexander Mahone Halo
21%
"______can only take you so far, after that you've got to take a few leaps of faith"- Michael Scofield Preparation
16%
No matching quizzes found
Score Distribution
Percent of People with Each Score
Percentile by Number Answered
Your Score History
You have not taken this quiz